Catálogo público

Aportes del IICA a la gestión del conocimiento de la agricultura en México / IICA (Record no. 217128)

MARC details
000 -CABECERA
campo de control de longitud fija 01053nam a2200289Ia 4500
001 - NÚMERO DE CONTROL
campo de control Z_6384
008 - DATOS DE LONGITUD FIJA--INFORMACIÓN GENERAL
campo de control de longitud fija 220601s9999 xx 000 0 und d
020 ## - NÚMERO INTERNACIONAL ESTÁNDAR DEL LIBRO
Número Internacional Estándar del Libro 978-92-9248-419-4
082 ## - NÚMERO DE LA CLASIFICACIÓN DECIMAL DEWEY
Número de clasificación 338.181 I33a
110 ## - ENTRADA PRINCIPAL--NOMBRE DE ENTIDAD CORPORATIVA
Nombre de entidad corporativa o nombre de jurisdicción como elemento de entrada Instituto Interamericano de Cooperación para la Agricultura (IICA)
9 (RLIN) 149894
245 ## - MENCIÓN DE TÍTULO
Título Aportes del IICA a la gestión del conocimiento de la agricultura en México / IICA
260 ## - PUBLICACIÓN, DISTRIBUCIÓN, ETC.
Lugar de publicación, distribución, etc. México : IICA
300 ## - DESCRIPCIÓN FÍSICA
Extensión 166 p.
500 ## - NOTA GENERAL
Nota general Esta publicasión también esta disponible en formato electrónico (PDF) en el sitio web en http//www.iica.int.
503 ## - NOTA DE HISTORIA BIBLIOGRÁFICA (BK CF MU) [OBSOLETO]
Nota de historia bibliográfica ej.Donación
504 ## - NOTA DE BIBLIOGRAFÍA, ETC.
Nota de bibliografía, etc. Bibliografía: p. 159 - 164
651 ## - PUNTO DE ACCESO ADICIONAL DE MATERIA--NOMBRE GEOGRÁFICO
Nombre geográfico Política agrícola
651 ## - PUNTO DE ACCESO ADICIONAL DE MATERIA--NOMBRE GEOGRÁFICO
Nombre geográfico Cooperación internacional
651 ## - PUNTO DE ACCESO ADICIONAL DE MATERIA--NOMBRE GEOGRÁFICO
Nombre geográfico Desarrollo rural
651 ## - PUNTO DE ACCESO ADICIONAL DE MATERIA--NOMBRE GEOGRÁFICO
Nombre geográfico Desarrollo sustentable
9 (RLIN) 183626
710 ## - PUNTO DE ACCESO ADICIONAL--NOMBRE DE ENTIDAD CORPORATIVA
Nombre de entidad corporativa o nombre de jurisdicción como elemento de entrada Instituto Interamericano de Cooperación para la Agricultura (IICA)Ì
9 (RLIN) 184992
901 ## - ELEMENTOS DE DATOS A LOCAL LDA (RLIN)
a 338.181 I33A
902 ## - ELEMENTOS DE DATOS B LOCAL, LDB (RLIN)
a A
905 ## - ELEMENTOS DE DATOS E LOCAL, LDE (RLIN)
a 5232272012 mx dmn 8221113312sap16
942 ## - ELEMENTOS DE PUNTO DE ACCESO ADICIONAL (KOHA)
Tipo de ítem Koha Libro_

No items available.